Extremely Hard Harry Potter Quiz - Statistics

General Stats
  • This quiz has been taken 158 times
  • The average score is 8 of 30
Answer Stats
Hint Answer % Correct
What Is Dumbledore's Full Name? Albus Percival Wulfric Brian Dumbledore
66%
What Is Gilderoy Lockharts Favorite Color? Lilac
64%
What Was Hepizbah Smiths House elf's Name? Hokey
60%
Who Did Draco Malfoy Marry? Astoria Greengrass
54%
What Did Madam Pomfrey Use To Help Harry's Bone Grow Back? Skele-grow
47%
What Was Sirius Blacks Dads Name? Orion
46%
What Does RAB Stand For? Regulus Arcturus Black
45%
What Is Marge's Dog's Name? Ripper
44%
Who Bit Remus Lupin To Make Him A Werewolf? Fenrir Greyback
40%
What Was Luna's Mom's Name? Pandora
39%
Who Killed Moody? Voldemort
38%
When Dead People Are Brought Back To Life, What Are They Called? Inferi
36%
What Are Basilisks Afraid Of? Roosters
32%
Who Was Minister When The Deatheaters Were In Charge? Pius Thickness
30%
What Was Hagrid's Mom's Name? Fridwulfa
23%
Filius Flitwick Was A _____ Champion When He Was Young. Dueling
21%
What Is Seamus Finnigans Patronus? A Fox
18%
The Sorting Hat Was Originally Whose? Godric Gryffindor
18%
What Is The Name Of The Wizarding School In America? Ilvermorny
18%
Tonks Is A ____? Metamorphmagus
13%
What Is The Golden Snitch Named After? Snidget
11%
After Trelawney Was Fired, Who Took Over Her Position? Bane
8%
What Species Was The Snake At The Zoo From The First Book? Burmese Python
8%
What Species Of Dragon Was In Gringotts? A Ukrainian Ironbelly
7%
Who Did Luna Marry? Ralph Scamander
7%
What Is The Hogwarts Motto? Don't Tickle A Sleeping Dragon
6%
What Is The Difference Between Monkshood And Wolfsbane? There Is None
6%
"So Harry, Tell Me The Function Of A ______ ____" Arthur Weasley
3%
What Is Nearly Headless Nick's Full Name? Sir Nicholas De Mimsy Porpinpton
0%
What Did The Marauders Call Snape? Snivllelus
0%
No matching quizzes found
Score Distribution
Percent of People with Each Score
Percentile by Number Answered
Your Score History
You have not taken this quiz